Necesidad de la filosofia : introduccion a la historia de la filosofia /

Guardado en:
Autor Principal: Cousin, Victor
Formato: Libro
Publicado: Buenos Aires / Mexico : Espasa Calpe Argentina, 1947
Edición:2a. ed.
Materias:
Etiquetas: Agregar Etiqueta
Sin Etiquetas, Sea el primero en etiquetar este registro!
LEADER 00571nam a22001815a 4500
001 EHU.bham024102
003 AR-BHAM
005 20130507120230.0
008 130507s1947##################000#0#####d
082 1 0 |a 100.1 
100 1 |a Cousin, Victor 
245 1 0 |a Necesidad de la filosofia :  |b introduccion a la historia de la filosofia /  |c Victor Cousin 
250 |a 2a. ed. 
260 |a Buenos Aires / Mexico :  |b Espasa Calpe Argentina,  |c 1947 
300 |a 150 p. 
653 |a Filosofia 
653 |a Filosofia-historia 
859 |a AR-BHAM  |b BIB. HUMANIDADES - General  |h 100.1  |i C836  |p 522.93  |t Ej.1